书目信息 |
| 题名: |
美国与中国
|
|
| 作者: | 费正清 著 ;张理京 译 | |
| 分册: | ||
| 出版信息: | 北京 世界知识出版社 1999.09 |
|
| 页数: | 473页 | |
| 开本: | 32开 | |
| 丛书名: | 费正清文集 | |
| 单 册: | ||
| 中图分类: | D829.712 | |
| 科图分类: | ||
| 主题词: | 中国--概况--研究 , 中美关系--研究 | |
| 电子资源: | ||
| ISBN: | 7-5012-1231-7 | |
| 000 | 00723nam0 2200253 45 | |
| 001 | 0204231000 | |
| 005 | 20031219104055.0 | |
| 010 | @a7-5012-1231-7@dCNY26.00 | |
| 100 | @a20020423d1999 km y0chiy0120 ea | |
| 101 | 0 | @achi@ceng |
| 105 | @a z 000yy | |
| 200 | 1 | @a美国与中国@AMei Guo Yu Zhong Guo@f(美)费正清著@F(Mei)Fei Zheng Qing Zhu@g张理京译 |
| 205 | @a4版 | |
| 210 | @a北京@c世界知识出版社@d1999.09 | |
| 215 | @a473页@d32开 | |
| 225 | @a费正清文集 | |
| 410 | @12001 @a费正清文集 | |
| 606 | 0 | @a中国@x概况@x研究 |
| 606 | 0 | @a中美关系@x研究 |
| 690 | @aD829.712@v4 | |
| 701 | @a费正清@4著 | |
| 702 | 0 | @a张理京@AZhang Li Jing@4译 |
| 801 | @aCN@bTSTC@c20020423 | |
| 905 | @b309080-084@dD829.712@e42=4@f5 | |
| 美国与中国/(美)费正清著/张理京译.-4版.-北京:世界知识出版社,1999.09 |
| 473页;32开.-(费正清文集) |
| ISBN 7-5012-1231-7:CNY26.00 |
| ● |
| 相关链接 |
|
|
|
|
正题名:美国与中国
索取号:D829.712/42=4
 
预约/预借
| 序号 | 登录号 | 条形码 | 馆藏地/架位号 | 状态 | 备注 |
| 1 | 0309080 | 203090804 | 密集书库/ [索取号:D829.712/42=4] | 在馆 | |
| 2 | 0309081 | 203090813 | 第一借阅区/ [索取号:D829.712/42=4] | 在馆 | |
| 3 | 0309082 | 203090822 | 密集书库/ [索取号:D829.712/42=4] | 在馆 | |
| 4 | 0309083 | 203090831 | 第一借阅区/ [索取号:D829.712/42=4] | 在馆 | |
| 5 | 0309084 | 203090840 | 第一样本阅览室/ [索取号:D829.712/42=4] | 在馆 |